LEADER 01876oam 2200445Ia 450 001 9910696853503321 005 20080724132359.0 035 $a(CKB)5470000002382347 035 $a(OCoLC)58833814 035 $a(EXLCZ)995470000002382347 100 $a20050407d2005 ua 0 101 0 $aeng 135 $aurmn||||||||| 181 $ctxt$2rdacontent 182 $cc$2rdamedia 183 $acr$2rdacarrier 200 13$aAn operation manual for a time-series, storm-activated suspended sediment sampler deployed in the coastal ocean$b[electronic resource] $efunction, maintenance, and testing procedures /$fby Richard R. Rendigs and Michael H. Bothner 210 1$aWoods Hole, Mass. :$cU.S. Geological Survey,$d2005. 215 $a56 pages $cdigital, PDF file 225 1 $aU.S. Geological Survey open-file report ;$v2004-1443 300 $aTitle from PDF title screen (viewed on Apr. 7, 2005). 300 $aAt head ot title: Coastal and Marine Geology / USGS Woods Hole Science Center. 320 $aIncludes bibliographical references. 517 $aOperation manual for a time-series, storm-activated suspended sediment sampler deployed in the coastal ocean 606 $aSuspended sediments$xMeasurement 606 $aMarine sediments$xMeasurement 615 0$aSuspended sediments$xMeasurement. 615 0$aMarine sediments$xMeasurement. 700 $aRendigs$b Richard R$01400841 701 $aBothner$b Michael H$01385909 712 02$aCoastal and Marine Geology Program (Geological Survey).$bWoods Hole Field Center. 712 02$aGeological Survey (U.S.) 801 0$bGIS 801 1$bGIS 801 2$bOCL 801 2$bGPO 906 $aBOOK 912 $a9910696853503321 996 $aAn operation manual for a time-series, storm-activated suspended sediment sampler deployed in the coastal ocean$93514510 997 $aUNINA LEADER 01407nam1 22003253i 450 001 SBL0440244 005 20231121125824.0 100 $a20200124d1973 ||||0itac50 ba 101 | $aita$alat$agrc$cita$clat$cgrc 102 $ait 181 1$6z01$ai $bxxxe 182 1$6z01$an 200 1 $aRoma e la filosofia greca dalle origini alla fine del 2. secolo a. C.$eraccolta di testi con introduzione e commento$f[a cura di] Giovanna Garbarino 210 $aTorino$cG. B. Paravia$d1973 215 $a2 v.$d22 cm 225 | $aHistorica politica philosophica$v6 410 0$1001LO10044723$12001 $aHistorica politica philosophica$v6 463 1$1001SBL0440245$12001 $a˜1: œIntroduzione e testi$f[a cura di] Giovanna Garbarino$v1 463 1$1001SBL0440246$12001 $a˜2: œCommento e indici$f[a cura di] Giovanna Garbarino$v2 500 10$aRoma e la filosofia greca dalle origini alla fine del 2. secolo a. C.$3TSA1781348$9RAVV065772$93636613 700 1$aGarbarino$b, Giovanna$3RAVV065772$0187364 801 3$aIT$bIT-01$c20200124 850 $aIT-FR0017 899 $aBiblioteca umanistica Giorgio Aprea$bFR0017 912 $aSBL0440244 950 1$aBiblioteca umanistica Giorgio Aprea$d 52MAG 2/1350.1$d 52MAG 2/1350 967 $m2 977 $a 52 996 $aRoma e la filosofia greca dalle origini alla fine del 2. secolo a. C$93636613 997 $aUNICAS LEADER 01533nam0 22003733i 450 001 RAV0254785 005 20251003044328.0 010 $a8823001927 100 $a20121012d1995 ||||0itac50 ba 101 | $aita 102 $ait 181 1$6z01$ai $bxxxe 182 1$6z01$an 183 1$6z01$anc$2RDAcarrier 200 1 $aSalari in gabbia$fAntonio Longo 210 $aRoma$cEDIESSE$d\1995! 215 $a153 p.$d18 cm. 606 $aLavoratori$xTrattamento economico$xItalia meridionale$2FIR$3LO1C622853$9I 676 $a331.1$9FORZE DI LAVORO E MERCATO DEL LAVORO$v23 676 $a331.21$9SALARIO$v21 676 $a331.2209457$9$v20 676 $a331.2945$9SALARIO, ORARIO, ALTRE CONDIZIONI DI LAVORO. ITALIA$v20 696 $aBuste paga$aRetribuzione 699 $aTrattamento economico$yBuste paga 699 $aTrattamento economico$zRetribuzione 700 1$aLongo$b, Antonio$f <1950- >$3BVEV241123$01251920 801 3$aIT$bIT-000000$c20121012 850 $aIT-BN0095 901 $bNAP 01$cPOZZO LIB.$nVi sono collocati fondi di economia, periodici di ingegneria e scienze, periodici di economia e statistica e altri fondi comprendenti documenti di economia pervenuti in dono. 912 $aRAV0254785 950 0$aBiblioteca Centralizzata di Ateneo$c1 v.$d 01POZZO LIB.ECON MON 6914$e 0101 0007006045E VMA 1 v. (Precedente collocazione 19 Ec 604)$fB $h20220726$i20220726 977 $a 01 996 $aSalari in gabbia$92902112 997 $aUNISANNIO